| 000 | 00000nas 2200000za 4500 |
| 001 | 9.813930 |
| 003 | CaOODSP |
| 005 | 20230224092139 |
| 007 | cr ||||||||||| |
| 008 | 160329d19271936oncar p oss f000#b0fre|d |
| 022 | |y0837-9521 |
| 040 | |aCaOODSP|bfre |
| 041 | |afre|beng |
| 043 | |an-cn--- |
| 086 | 1 |aCS81-D-20F-PDF |
| 245 | 00|aAperçu annuel sur l'éducation au Canada |h[ressource électronique]. |
| 260 | |aOttawa : |bBureau fédéral de la statistique, |c1929-1938. |
| 310 | |aAnnuel |
| 362 | 0 |a1927-1936. |
| 500 | |aÉdition numérisée de l’imprimé [par Statistique Canada]. |
| 546 | |aComprend du texte en anglais. |
| 580 | |aScindé en: Éducation élémentaire et éducation secondaire au Canada; et, Éducation supérieure au Canada. |
| 692 | 07|2gccst|aÉducation |
| 710 | 1 |aCanada. |bBureau fédéral de la statistique. |
| 775 | 08|tAnnual survey of education in Canada.|w(CaOODSP)9.920385 |
| 780 | 00|tAperçu annuel sur l'instruction publique au Canada.|w(CaOODSP)9.920411 |